[Event "Yingmei CHN-chT 2018"]
[Site "Jiaxing"]
[Date "2018.07.11"]
[Round "9"]
[White "Peng, Hongchi"]
[Black "Malakhov, Vladimir"]
[Result "1/2-1/2"]
[WhiteElo "2324"]
[BlackElo "2691"]
[Annotator "TA"]
[PlyCount "102"]
[EventDate "2018.07.09"]
[EventType "team-tourn"]
[EventCountry "CHN"]
[SourceTitle "playchess.com"]
[Source "ChessBase"]
[SourceQuality "1"]

{[%evp 19,102,46,46,46,43,46,43,54,74,59,78,85,86,93,89,87,101,85,128,104,100,98,164,166,167,177,157,106,114,108,77,60,56,68,73,68,64,66,72,62,75,61,61,61,61,61,58,72,90,9,15,6,9,31,28,0,0,-18,-20,-22,-32,-33,-7,-7,0,0,0,0,0,0,0,0,0,0,0,0,0,0,0,0,0,0,0,0,0]} 1. e4 g6 2. d4 Bg7 3. Nf3 d6 4. Nc3 Nf6 5. Be2 O-O 6. O-O a6 7. a4 Nc6 8. h3 {B08: Pirc Defence: Classical System} e6 (8... e5 9. dxe5 dxe5 10. Bc4 h6 11. Be3 Qe7 12. Qe2 Be6 13. Rfd1 Rad8 14. Bb3 Rfe8 15. Rxd8 Rxd8 16. Bxe6 Qxe6 {0-1 (68) Wang,H (2709)-Yu,Y (2751) Huaian 2017}) 9. Be3 h6 10. Qd2 Kh7 {LiveBook: 6 Games} 11. Rfd1 b6 12. e5 $146 ({Predecessor:} 12. Nh2 Bb7 13. f4 Ne7 14. Bf3 d5 {½-½ (52) Sinanovic,M (2395)-Biti,O (2383) Bol 2013}) 12... dxe5 13. Nxe5 Ne7 14. Bf3 Nfd5 15. Nxd5 exd5 16. a5 $36 {[%mdl 2048] Keeping Black busy.} Bb7 17. Bf4 Nf5 18. Bg4 Ne7 19. Qc3 {Black must now prevent Nd7.} h5 20. Be2 f6 (20... b5 $16) 21. Nf3 $18 Nc6 22. axb6 cxb6 23. Bxa6 (23. Re1 $142) 23... Bxa6 $16 24. Qxc6 Rc8 25. Qd6 Be2 26. Rd2 Bxf3 27. Qxd8 Rfxd8 28. gxf3 Ra8 29. Rdd1 b5 30. Rxa8 Rxa8 {[%mdl 4096] Endgame KRB-KRB} 31. Rd3 Bf8 32. Rb3 b4 33. Bd2 Ra4 {[#]} 34. Kg2 ({White should play} 34. c3 $1 $16) 34... Kg8 $11 35. c3 bxc3 36. Bxc3 Kf7 37. Rb6 Ra1 38. Bb4 Bxb4 39. Rxb4 {KR-KR} Rd1 40. Kg3 g5 41. f4 {The position is equal.} Kg6 42. fxg5 fxg5 43. Kg2 Rd3 44. Rb8 Rxd4 45. b4 {[%cal Bb2b4,Bb4b5][%mdl 32]} Rd3 46. b5 Rb3 47. b6 d4 48. b7 Kg7 49. h4 g4 50. Rd8 Rxb7 51. Rxd4 Rb3 {Precision: White = 74%, Black = 69%.} 1/2-1/2

[Event "Yingmei CHN-chT 2018"]
[Site "Jiaxing"]
[Date "2018.07.11"]
[Round "9"]
[White "Zhu, Jiner"]
[Black "Wang, Yu A"]
[Result "1/2-1/2"]
[WhiteElo "2306"]
[BlackElo "2340"]
[Annotator "TA"]
[PlyCount "132"]
[EventDate "2018.07.09"]
[EventType "team-tourn"]
[EventCountry "CHN"]
[SourceTitle "playchess.com"]
[Source "ChessBase"]
[SourceQuality "1"]

{[%evp 18,132,0,-7,-14,-18,-18,-29,-20,-26,-7,-37,0,0,0,0,0,-25,0,-8,8,-8,0,-17,-2,-98,-85,-69,-23,-23,0,0,90,91,88,93,94,88,91,27,41,0,0,-41,-20,-93,60,50,174,183,181,177,139,108,625,293,197,21,39,25,25,0,0,0,0,0,0,0,0,0,0,0,0,0,0,0,0,0,0,0,0,0,0,0,0,0,0,0,0,0,0,0,0,0,0,0,0,0,0,0,0,0,0,0,0,0,0,0,0,0,0,0,0,0,0,0,0]} 1. e4 e5 2. Nc3 Nf6 3. g3 d5 4. exd5 Nxd5 5. Bg2 Nxc3 6. bxc3 Bd6 7. Ne2 O-O 8. O-O c6 9. d3 Bg4 {C26: Vienna Game: 2...Nf6, sidelines} (9... Re8 10. c4 Nd7 11. Be3 Qa5 12. h3 Nc5 13. g4 Be6 14. Ng3 Rad8 15. Bd2 Qa6 16. Re1 b5 17. cxb5 cxb5 18. Nf5 Bc7 {1-0 (42) Sanikidze,T (2533)-Mosadeghpour,M (2488) Hamedan 2017}) 10. h3 {LiveBook: 4 Games} Be6 11. c4 Qd7 12. Kh2 Na6 $146 ({Predecessor:} 12... f5 13. f4 Qf7 14. Rb1 Qc7 15. fxe5 Bxe5 16. d4 Bd6 17. c5 {1-0 (25) Potgieser,E (1705)-Dalmolen,D (1818) Groningen 2002}) 13. Be3 Rae8 14. Qd2 f5 15. f4 exf4 16. Nxf4 Bf7 17. h4 Nc5 18. Rae1 Ne6 19. Bh3 g6 20. Ne2 Rd8 21. d4 (21. a4 $11) 21... Ng7 22. d5 Bb8 {[%cal Rc6d5]} 23. Bg5 Rde8 {[%cal Rc6d5]} 24. Bg2 Nh5 (24... cxd5 $11 {remains equal.} 25. cxd5 Nh5) 25. Nf4 $1 $16 {[%cal Rf4h5]} Nxf4 26. gxf4 {Strongly threatening Qc3.} Rxe1 27. Rxe1 Re8 28. Rd1 (28. Rxe8+ $16 Bxe8 29. c5) 28... cxd5 $1 $11 29. cxd5 (29. Qd4 $5 {[%cal Rg5h6]} Bd6 30. Bh6 $11) 29... Bd6 30. Bf3 Qc7 31. Qd4 {[#]} (31. Kg3 $11) 31... Qxc2+ $2 (31... Rc8 $1 $17 {aiming for ...Qc3.} 32. Kg3 Qxc2) 32. Rd2 $14 Qc1 ({Black should play} 32... Qb1 $14) 33. Bh6 $18 {[%csl Gh6][%cal Rd4g7]} Bf8 34. Bxf8 Rxf8 {[#]} 35. h5 $1 {[%cal Rh5h6]} h6 $2 {[%mdl 8192]} (35... Rc8 $16) 36. Rg2 (36. hxg6 $142 {Rg2 is the strong threat.} Bxg6 37. d6 (37. Rg2 Kh7 $16)) 36... Kh7 37. d6 $2 (37. hxg6+ $18 Bxg6 38. d6) 37... g5 $11 38. fxg5 hxg5 39. Qf6 Qf4+ {The position is equal.} 40. Rg3 Qh4+ 41. Kg2 Bxh5 42. Qxf8 Bxf3+ 43. Rxf3 Qg4+ 44. Kf2 Qd4+ 45. Ke2 {Threatening mate with Rh3+.} Qe4+ 46. Re3 Qg2+ 47. Ke1 Qh1+ 48. Kd2 (48. Kf2 Qh4+ 49. Ke2 Qc4+ 50. Rd3 Qg4+ 51. Rf3 Qg2+ 52. Ke3 (52. Rf2 Qe4+ 53. Kd1 Qb1+ 54. Ke2 Qe4+ 55. Kd2 Qb4+ 56. Ke2 Qe4+ $11) 52... Qg1+ 53. Rf2 Qg3+ 54. Ke2 Qg4+ 55. Kf1 Qd1+ 56. Kg2 Qg4+ 57. Kh1 Qd1+ 58. Kg2 Qg4+ 59. Kh2 (59. Kh1 Qd1+ 60. Kh2 Qh5+ 61. Kg1 Qd1+ 62. Kh2 Qh5+ 63. Kg1 Qd1+ 64. Kh2 $11) 59... Qh5+ 60. Kg1 Qd1+ 61. Rf1 Qg4+ 62. Kf2 Qd4+ 63. Kg2 Qg4+ 64. Kh1 Qh3+ 65. Kg1 Qg3+ 66. Kh1 Qh3+ 67. Kg1 Qg3+ 68. Kh1 Qh3+) 48... Qd5+ 49. Rd3 Qg2+ $1 50. Kc3 Qc6+ 51. Kd4 Qe4+ $1 52. Kc3 {Intending Rh3+ and mate.} Qc6+ $1 53. Kb3 Qb5+ 54. Kc2 Qc6+ 55. Rc3 Qa4+ 56. Kd2 Qd4+ 57. Rd3 Qf2+ 58. Kc1 Qc5+ 59. Kd1 {Rh3+ would kill now.} Qg1+ 60. Ke2 {White threatens Rh3+ and mate.} Qg2+ 61. Ke3 Qe4+ 62. Kf2 {White wants to mate with Rh3+.} Qxd3 63. Qe7+ Kg6 64. Qe6+ Kg7 65. Qe7+ Kg6 {Threatens to win with ...Qc2+.} 66. Qe6+ Kg7 {Precision: White = 40%, Black = 61%.} 1/2-1/2

[Event "Yingmei CHN-chT 2018"]
[Site "Jiaxing"]
[Date "2018.07.11"]
[Round "9"]
[White "Zhai, Mo"]
[Black "Zhu, Jiner"]
[Result "1-0"]
[WhiteElo "2304"]
[BlackElo "2306"]
[Annotator "NA"]
[PlyCount "63"]
[EventDate "2018.07.09"]
[EventType "team-tourn"]
[EventCountry "CHN"]
[SourceTitle "playchess.com"]
[Source "ChessBase"]
[SourceQuality "1"]
[TimeControl "5400+30"]

1. c4 Nf6 2. Nf3 e6 3. d4 d5 4. Nc3 Bb4 {LiveBook: 7814 Games} 5. Qa4+ Nc6 6. e3 O-O 7. Bd2 Bd7 {D38: Queen's Gambit Declined: Ragozin Defence (4 Nf3 Bb4)} (7... dxc4 8. Bxc4 Bd6 9. e4 e5 10. dxe5 Nxe5 11. Nxe5 Bxe5 12. O-O-O Qe8 13. Qxe8 Rxe8 14. f3 Be6 15. Bxe6 Rxe6 {½-½ (67) Navara,D (2727)-Harikrishna,P (2732) Prague 2018}) 8. Qc2 Re8 9. a3 Bd6 10. h3 h6 $146 ({Predecessor:} 10... a6 11. Rd1 dxc4 12. Bxc4 e5 13. O-O h6 14. Bc1 Qe7 {0-1 (77) Pilaj,H (2372)-Blohberger,F (2319) Graz 2017}) 11. Rc1 (11. c5 $1 $14 Bf8 12. Bb5) 11... Qe7 $2 (11... e5 $11 {and Black stays safe.}) 12. c5 Bxc5 13. dxc5 Qxc5 14. Ne4 Qe7 (14... Nxe4 $142 15. Qxc5 Nxc5) 15. Nc5 Rab8 16. Nxd7 Nxd7 17. Bb5 e5 $18 18. O-O e4 19. Bxc6 bxc6 20. Nd4 Rb6 21. Ba5 Ra6 22. Qe2 Nb8 23. b4 Rf8 24. Qg4 g6 25. Nb3 c5 26. Rxc5 Nc6 27. Qe2 Nxa5 28. Nxa5 Rd6 29. Rfc1 Rc8 30. Nc6 Qd7 31. Nxa7 Ra8 32. Rxc7 1-0

[Event "Yingmei CHN-chT 2018"]
[Site "Jiaxing"]
[Date "2018.07.11"]
[Round "9"]
[White "Zhao, Chenxi"]
[Black "Xu, Yi"]
[Result "0-1"]
[WhiteElo "2300"]
[BlackElo "2526"]
[Annotator "TA"]
[PlyCount "108"]
[EventDate "2018.07.09"]
[EventType "team-tourn"]
[EventCountry "CHN"]
[SourceTitle "playchess.com"]
[Source "ChessBase"]
[SourceQuality "1"]

{[%evp 18,108,0,7,7,9,8,0,45,14,19,17,14,17,20,16,0,-34,-34,-34,-30,-34,-31,-34,-15,-41,-34,-30,-8,-30,-10,-29,4,0,0,0,0,0,0,-13,-17,-86,-79,-144,-51,-110,-102,-94,-103,-76,-71,-192,-195,-200,-180,-191,-201,-192,-195,-166,-106,-110,-101,-180,-166,-170,-100,-968,-935,-1404,-1426,-1368,-1263,-1450,-1382,-1279,-1026,-1448,-875,-1255,-1078,-29977,-29975,-29968,-29968,-29982,-29983,-29983,-29984,-29982,-29983,-29983,0]} 1. e4 c5 2. Nf3 Nc6 3. Bb5 g6 4. O-O Bg7 5. Re1 e5 6. Nc3 Nge7 7. a4 O-O {B31: Sicilian: 2...Nc6 3 Bb5 g6} 8. Bc4 d6 9. h3 h6 10. d3 {LiveBook: 6 Games} Kh7 (10... a6 11. Nd2 Rb8 12. Nf1 Kh7 {0-1 (47) Shytaj,L (2435)-Maghsoodloo,P (2584) Doha 2016}) 11. Nd5 Be6 $146 ({Predecessor:} 11... Nxd5 12. Bxd5 Be6 13. c4 Bxd5 14. cxd5 Nb4 15. Qb3 {½-½ (41) Babula,M (2192)-Jasny,S (2367) Vsetin 2016}) 12. c3 Qd7 13. Be3 f5 14. Rb1 f4 15. Bd2 g5 16. Nxe7 Qxe7 17. Nh2 Bxc4 18. dxc4 Qf7 19. Qe2 h5 20. b3 Rac8 21. Rbd1 Na5 22. Rb1 Rfd8 23. Red1 Nc6 24. Be1 Ne7 25. Rd3 Ng8 26. Rbd1 Bf8 27. Nf3 Qf6 28. b4 Be7 29. Rd5 (29. h4 $11 {remains equal.}) 29... b6 $17 30. Rb1 ({White should play} 30. Nh2) 30... Rc7 (30... cxb4 $17 {Hoping for ...g4.} 31. cxb4 g4 32. hxg4 hxg4) 31. a5 (31. Nh2 $15) 31... Qg6 32. axb6 axb6 33. bxc5 bxc5 {White must now prevent ...g4.} 34. Rb6 (34. Qd3 $17 {was called for.} Ra8 35. Rb6) 34... Nf6 $19 35. Rd3 g4 36. Nh4 Qxe4 37. Qxe4+ Nxe4 38. Nf5 Kg6 (38... Ra8 $19 {Threatens to win with ...Ra1.} 39. Rb1 Rf8 40. Nxe7 Rxe7 41. hxg4 hxg4) 39. Nxe7+ Rxe7 40. hxg4 (40. f3 $17 Nf6 41. Bh4) 40... hxg4 {[%cal Bh5g4,Bg4g3][%mdl 32] And now ...Ra7 would win.} 41. f3 Ng5 (41... gxf3 $19 {Strongly threatening ...f2+!} 42. gxf3 Ng5 43. Rdxd6+ Rxd6 44. Rxd6+ Kh5) 42. Bh4 $2 {[%mdl 8192]} (42. fxg4 $17 Re6 43. Bh4) 42... g3 43. Rdxd6+ Rxd6 44. Rxd6+ Kh5 45. Bxg5 Kxg5 {[%mdl 4096] Endgame KR-KR} 46. Kf1 Rh7 47. Rd2 Kf5 48. Ke2 Rh2 49. Kd3 {[#]} e4+ $1 {[%mdl 512] Black mates.} 50. fxe4+ Ke5 51. Re2 {[#]} f3 $1 {[%mdl 512]} 52. gxf3 g2 53. f4+ Kxf4 54. Rf2+ Ke5 $2 {[%mdl 32768] Precision: White = 34%, Black = 67%. . Sensor Board Error (Ke4/e5)?} (54... Kg5 {mates} 55. Rxg2+ Rxg2 56. Ke3 Rg3+ 57. Ke2 Kf4 58. e5 Kxe5 59. Kf2 Kf4 60. Ke2 Ke4 61. Kf2 Rxc3 62. Kg2 Ke3 63. Kh3 Kf4+ 64. Kg2 Rc2+ 65. Kf1 Ke3 66. Kg1 Kf3 67. Kh1 Kg3 68. Kg1 Rc1#) 0-1

[Event "Yingmei CHN-chT 2018"]
[Site "Jiaxing"]
[Date "2018.07.11"]
[Round "9"]
[White "Li, Xueyi"]
[Black "Khotenashvili, Bela"]
[Result "0-1"]
[WhiteElo "2275"]
[BlackElo "2462"]
[Annotator "TA"]
[PlyCount "70"]
[EventDate "2018.07.09"]
[EventType "team-tourn"]
[EventCountry "CHN"]
[SourceTitle "playchess.com"]
[Source "ChessBase"]
[SourceQuality "1"]

{[%evp 23,70,11,11,0,27,30,13,-5,-14,-16,-1,-9,-10,-62,-50,-95,-97,-107,-102,-104,-94,-88,-83,-85,-96,-160,-145,-163,-189,-220,-216,-216,-216,-216,-210,-204,-170,-266,-268,-269,-191,-236,-135,-537,-510,-4810,-4810,-2377,-2067]} 1. d4 Nf6 2. c4 c5 3. d5 g6 4. Nc3 Bg7 5. Nf3 d6 6. g3 O-O 7. Bg2 e6 8. O-O exd5 9. cxd5 a6 10. a4 Nbd7 11. Bf4 Qe7 12. Qc1 {A63: Modern Benoni: Fianchetto Variation: 9...Nbd7} Re8 {LiveBook: 3 Games} 13. Bh6 (13. Rb1 Ng4 14. Bg5 Qf8 15. b4 cxb4 16. Rxb4 {1-0 (62) Yuffa,D (2521)-Yilmaz,M (2619) Batumi 2018}) 13... Rb8 14. Bxg7 {White has an edge.} Kxg7 15. Re1 $146 ({Predecessor:} 15. a5 b5 16. axb6 Nxb6 17. Nd2 h5 18. h3 Na8 19. Nc4 Nc7 {0-1 (33) Bernstein,S-Reshevsky,S New York,NY 1959}) 15... b5 16. e4 Ne5 17. Nxe5 Qxe5 18. Ne2 ({Better is} 18. axb5 $11 axb5 19. Qf4) 18... bxa4 $15 ({Don't blunder} 18... Nxe4 $2 19. Nc3 $18) 19. f4 Qxb2 20. Qxb2 Rxb2 21. Nc3 Rb3 22. Nxa4 Bd7 23. e5 Ng4 24. Bh3 (24. h3 $142 Ne3 25. exd6) 24... h5 $17 {[%cal Bh7h5,Bh5g4][%mdl 32]} 25. Bxg4 hxg4 ({Reject} 25... Bxg4 $6 26. exd6 Rxe1+ 27. Rxe1 $11) 26. Rec1 {[#]} Rb4 $1 27. Nc3 dxe5 28. fxe5 Rxe5 29. Rxa6 Rc4 30. Rd6 (30. Raa1 $142) 30... Bf5 $19 {Threatens to win with ...Re3.} 31. Kf2 Re8 32. Rc6 Rb4 ({Black should try} 32... Be4 $19 {Hoping for ...Rh8.} 33. Ra6 {[#]} Bxd5 $1 {[%mdl 512]}) 33. Nd1 $2 {[%mdl 8192]} (33. Rxc5 $17 {is a better chance.} Rh8 34. Kg1) 33... Rd4 {( -> ...Rd2+). Black is clearly winning.} 34. Ne3 (34. Nc3 $142 Rd2+ 35. Kg1) 34... Rd2+ 35. Ke1 Rd3 {Precision: White = 28%, Black = 70%.} 0-1

[Event "Yingmei CHN-chT 2018"]
[Site "Jiaxing"]
[Date "2018.07.11"]
[Round "9"]
[White "Ning, Kaiyu"]
[Black "Tan, Zhongyi"]
[Result "0-1"]
[WhiteElo "2222"]
[BlackElo "2522"]
[Annotator "TA"]
[PlyCount "90"]
[EventDate "2018.07.09"]
[EventType "team-tourn"]
[EventCountry "CHN"]
[SourceTitle "playchess.com"]
[Source "ChessBase"]
[SourceQuality "1"]

{[%evp 20,90,30,0,35,42,53,14,26,5,8,0,8,-4,0,-8,0,0,0,0,18,9,25,-46,-53,-43,-21,-37,-52,-40,-32,-44,0,0,0,0,0,0,0,-10,-11,-277,-234,-252,-230,-222,-205,-198,-206,-201,-111,-60,0,-56,103,-9,-5,-7,-9,-776,-739,-667,-483,-548,-353,-524,-442,-29979,-29982,-29977,-29979,-29992,-29993]} 1. d4 Nf6 2. Nf3 e6 3. c4 c5 4. d5 b5 5. Bg5 exd5 6. cxd5 h6 7. Bxf6 Qxf6 8. Qc2 Be7 {E10: Blumenfeld Gambit} 9. e4 Qb6 10. a4 bxa4 11. Nbd2 {LiveBook: 7 Games} d6 12. Qxa4+ Bd7 13. Qc2 (13. Qa5 {feels hotter.} Qxa5 14. Rxa5 O-O 15. Bd3 Bg4 16. O-O) 13... O-O 14. Bd3 a5 15. O-O Na6 16. Bxa6 $146 ({Predecessor:} 16. Nc4) 16... Rxa6 17. Nc4 Qc7 18. Rfe1 Bb5 19. Na3 Qb8 20. e5 dxe5 21. Rxe5 (21. Nxb5 $11 Qxb5 22. Nxe5) 21... Bf6 $15 22. Re3 Rc8 23. Nxb5 Qxb5 24. Rb3 Qd7 25. Qc4 Rd6 {[%cal Ba6d6,Bd6d5,Bd5d1][%mdl 32]} 26. Rxa5 Rxd5 27. g3 g5 {[%cal Bg7g5,Bg5g4][%mdl 32]} 28. Ra6 Bg7 29. h3 h5 {Hoping for ...g4.} 30. h4 $2 {[%mdl 8192]} (30. g4 $11 {and White stays safe.}) 30... g4 $19 31. Ng5 Rd1+ 32. Kh2 Qf5 {[%cal Rf5f2] [#]} 33. Qe2 Qd5 $40 {[%csl Gd1][%cal Rd5h1][%mdl 128] Black goes for the king.} 34. Qe4 Qxe4 (34... Qxb3 $19 35. Qh7+ Kf8) 35. Nxe4 $17 c4 (35... Re8 $15 36. Re3 Kf8) 36. Rb4 (36. Rb5 $11) 36... f5 $2 (36... Bd4 $15 {stays ahead.} 37. Rd6 f5 38. Nf6+ Kf8) 37. Nd6 ({White should play} 37. Ng5 $16 Rcd8 38. Rxc4) 37... Rd8 $11 38. Nxf5 {Black must now prevent Rg6.} Rf1 39. Ne3 $2 {[%mdl 8192]} (39. Nxg7 {leads to mate.} Rdd1 40. Rb8+ Kh7 41. Rh6+ Kxh6 42. Nf5+ Kg6 43. Rg8+ Kxf5 44. Rf8+ Kg6 45. Rg8+ Kf7 46. Rg7+ Kxg7 47. Kg2 Rg1+ 48. Kh2 Rh1+ 49. Kg2 Rdg1#) (39. Ne7+ $11 Kf8 40. Ng6+ Kg8 41. Ne7+ Kh7 42. Rb5 Rxf2+ 43. Kg1) 39... Rxf2+ $19 40. Kg1 Re2 41. Rg6 Rd7 42. Nf1 (42. Ng2 $142 Kf7 43. Kf1) 42... Kh7 {( -> ...Bd4+)} 43. Rg5 (43. Rxg7+ $19 Kxg7 44. Rxc4) 43... Bd4+ {Black mates.} 44. Kh1 {[#]} Rf7 $1 {[%cal Rf7f1]} 45. Rxh5+ Kg6 {Precision: White = 36%, Black = 65%.} 0-1

[Event "Yingmei CHN-chT 2018"]
[Site "Jiaxing"]
[Date "2018.07.11"]
[Round "9"]
[White "Zhao, Shengxin"]
[Black "Huang, Qian"]
[Result "0-1"]
[WhiteElo "2156"]
[BlackElo "2441"]
[Annotator "NA"]
[PlyCount "137"]
[EventDate "2018.07.09"]
[EventType "team-tourn"]
[EventCountry "CHN"]
[SourceTitle "playchess.com"]
[Source "ChessBase"]
[SourceQuality "1"]
[TimeControl "5400+30"]

1. d4 d5 2. c4 dxc4 3. Nf3 c5 4. e3 cxd4 5. Qxd4 Qxd4 6. Nxd4 a6 7. Bxc4 {LiveBook: 6 Partien} e6 8. O-O Nf6 9. Be2 $146 {D26: Queen's Gambit Accepted: 4 e3 e6 5 Bxc5 c5 sidelines} ({Predecessor:} 9. b3 Bd6 10. Bb2 Ke7 11. Nd2 b5 12. Be2 Bb7 13. a4 b4 14. Nc4 Bc7 15. a5 Nbd7 16. Nc2 Nc5 17. Nxb4 Nxb3 {½-½ (40) Semcesen,D (2351)-Rasmussen,A (2510) Ballerup 2008}) 9... Bc5 10. Nc3 b5 11. Bf3 Ra7 12. Nb3 Be7 13. e4 Nc6 14. Be3 Rd7 15. Bc5 ({White should play} 15. Rfc1 $14) 15... Bxc5 16. Nxc5 Rd2 17. Nb3 Rd8 18. a3 Ke7 19. Rfd1 g5 20. h3 h5 21. Rxd8 Rxd8 $11 22. g3 g4 23. hxg4 hxg4 24. Be2 Nd4 25. Nxd4 Rxd4 26. Rd1 e5 27. b4 Bb7 28. a4 Rxb4 29. Bxb5 Rb3 30. Rc1 Nxe4 31. Nxe4 Rxb5 32. Nd2 Bd5 33. Nf1 Bf3 34. Ne3 Ke6 35. Ra1 Rb6 36. Re1 f6 37. Ng2 f5 38. Nf4+ Kf6 39. Ng2 Rb5 40. Rc1 Be4 41. Ra1 Kg5 42. Rc1 Rb2 43. Ra1 Rb5 44. Rc1 Ra5 45. Re1 Ba8 46. Rc1 f4 47. gxf4+ exf4 48. Rc2 Bd5 49. Kh2 Kf5 50. Rb2 Rxa4 51. Rb5 Rd4 52. Rb2 Kg5 53. Rc2 Rd3 54. Kg1 Kf5 55. Rb2 Rd4 56. Nh4+ Ke5 57. Ng2 Rd3 58. Re2+ Be4 59. Rb2 f3 60. Rb5+ Bd5 61. Nh4 Kf6 62. Rb6+ Kg5 63. Ng6 Rd1+ 64. Kh2 Rf1 65. Ne7 Rxf2+ 66. Kg1 Rg2+ 67. Kh1 Be4 68. Rb5+ Kf4 69. Ng6+ {Ke5} 0-1

[Event "Yingmei CHN-chT 2018"]
[Site "Jiaxing"]
[Date "2018.07.11"]
[Round "9"]
[White "Zhou, Zirun"]
[Black "Yan, Tianqi"]
[Result "1-0"]
[WhiteElo "2008"]
[BlackElo "2021"]
[Annotator "NA"]
[PlyCount "117"]
[EventDate "2018.07.09"]
[EventType "team-tourn"]
[EventCountry "CHN"]
[SourceTitle "playchess.com"]
[Source "ChessBase"]
[SourceQuality "1"]
[TimeControl "5400+30"]

1. d4 Nf6 2. c4 e6 3. Nc3 Bb4 4. Bd2 O-O 5. Nf3 d5 6. e3 c6 7. Bd3 dxc4 8. Bxc4 Nbd7 {D45: Semi-Slav: 5 e3} 9. O-O Qe7 10. a3 Bd6 11. h3 e5 12. Qc2 h6 13. Nh4 Nb6 {[#]} 14. Bb3 $146 ({Predecessor:} 14. Ng6 Qc7 15. Ba2 Re8 16. dxe5 Bxe5 {1-0 (60) Gurevich,M (2620)-Roofthoofd,M (2295) Belgium 1994}) 14... e4 $2 (14... Be6 $11 {and Black is okay.}) 15. Ng6 $1 Qe8 16. Nxf8 Bxf8 17. f3 exf3 18. Rxf3 Be6 19. Raf1 Nbd5 (19... Bc4 $142 20. Bxc4 Nxc4) 20. e4 Nxc3 21. bxc3 $18 Bxb3 22. Qxb3 Qxe4 23. Bxh6 Qg6 24. Bf4 b5 25. Be5 Be7 26. Rg3 Qh6 27. a4 a6 28. Qa2 Rf8 29. axb5 axb5 30. Rf5 Ne8 31. Qe2 Qe6 32. Qd3 f6 33. Bf4 Bd6 34. Re3 Qd7 35. Re1 Bxf4 36. Rxf4 f5 37. Qe3 Nc7 38. Rf3 Re8 39. Qf2 g6 40. Rxe8+ Qxe8 41. Qg3 Nd5 42. Rxf5 Nxc3 43. Re5 Ne2+ 44. Kf2 Nxg3 45. Rxe8+ Kf7 46. Rc8 Nf5 47. Rxc6 Nxd4 48. Rb6 Kg7 49. Ke3 Nf5+ 50. Kf4 Kh6 51. Rxb5 Ng7 52. Re5 Nh5+ 53. Kf3 Nf6 54. h4 Nd7 55. Re7 Nf6 56. g4 g5 57. Re6 Kg6 58. h5+ Kg7 59. Rxf6 1-0

[Event "Yingmei CHN-chT 2018"]
[Site "Jiaxing"]
[Date "2018.07.11"]
[Round "9"]
[White "Guo, Weibao"]
[Black "Ding, Yixin"]
[Result "0-1"]
[WhiteElo "1847"]
[BlackElo "2422"]
[Annotator "TA"]
[PlyCount "74"]
[EventDate "2018.07.09"]
[EventType "team-tourn"]
[EventCountry "CHN"]
[SourceTitle "playchess.com"]
[Source "ChessBase"]
[SourceQuality "1"]

{[%evp 16,74,0,2,59,58,62,35,46,44,64,54,51,50,49,-26,-26,-41,-35,-46,-41,-51,-55,-71,-64,-69,-68,-54,-54,-76,-69,-99,-100,-124,-109,-95,-66,-87,-81,-79,-68,-250,-127,-132,-117,-317,-278,-534,-462,-973,-930,-1467,-1449,-6491,-5610,-29979,362,-29980,-29981,-29996,-29997]} 1. d4 Nf6 2. c4 e6 3. Nf3 d5 4. e3 b6 5. Nc3 Bd6 6. Bd3 Bb7 7. cxd5 exd5 8. O-O O-O 9. Nb5 {LiveBook: 14 Games. E14: Queen's Indian: Classical Variation (4 e3)} a6 $146 (9... Be7 $11) ({Predecessor:} 9... Be7 10. Qc2 c6 11. Nc3 Nbd7 12. b3 Rc8 13. Bb2 Bd6 14. Rac1 Re8 15. Qb1 Qe7 16. Ne2 Ne4 {1-0 (61) Harikrishna,P (2659)-Almasi,Z (2663) Beijing 2008}) 10. Nxd6 $14 Qxd6 11. b3 {White is slightly better.} (11. b4 $5) 11... Nbd7 12. Bb2 Ne4 13. Ne5 f6 14. Nxd7 Qxd7 15. Bxe4 (15. Qc2 $14) 15... dxe4 $11 16. Rc1 a5 17. Qc2 Rf7 18. Rfd1 Bd5 19. Bc3 f5 20. Qe2 g5 21. Qh5 Rg7 22. Qh3 Rf8 {[%cal Ba8f8,Bf8f6,Bf6h6,Bh6h4][%mdl 32]} 23. Bd2 Rf6 24. Kh1 Qe6 25. Rg1 Qd6 26. g3 Qe6 27. Qg2 Rh6 28. Rce1 $2 {[#]} (28. Qf1 $15) 28... Qd6 (28... Rgg6 $1 $19 {White must now prevent ...f4!} 29. Ra1 Qf7) 29. Rc1 $17 Bf7 30. g4 $2 {[#]} (30. Qf1 $17) 30... f4 $1 $19 31. Rce1 $2 (31. b4 axb4 32. Rc2) 31... Bd5 32. Rc1 (32. Rgf1 $142 f3 33. Qg3) 32... Rh4 33. Be1 Rg6 34. exf4 Qxf4 {( -> ...Rgh6)} 35. Rc3 {[#]} Rxh2+ $1 {[%mdl 512]} 36. Qxh2 e3+ $1 37. f3 Qxf3+ {Precision: White = 22%, Black = 72%.} 0-1